Statistics for Superhero Profiles: Iron Man

Click here to take the quiz!

General Stats

  • This quiz has been taken 50 times
  • The average score is 9 of 12

Answer Stats

HintAnswer% Correct
Real nameTony Stark
100%
WifePepper Potts
98%
DaughterMorgan H. Stark
96%
Owner of _______ IndustriesStark
93%
Program to do everything for himJarvis | Friday
91%
Fought against Bucky and __________________ in Civil WarCaptain America
89%
His teamThe Avengers
89%
Status currentlyDead | Deceased
87%
Enemy: Uses electric whipsWhiplash
64%
Enemy: Currently holds the 10 power ringsMandarin
60%
Enemy: Crimson __________Dynamo
40%
Program to repair his armourVeronica
13%

Score Distribution

Percentile by Number Answered

Percent of People with Each Score

Your Score History

You have not taken this quiz